Effece of namvars banana in the diet for growthing quail meat by giving and not giving basmix, ឥទ្ធិពលម្សៅចេកណាំវ៉ាចាស់លើការលូតលាស់ក្រួចសាច់ ដោយផ្ដល់និងមិនផ្ដល់បាស្មិច (Record no. 25820)

000 -LEADER
fixed length control field 00588nam a22001217a 4500
040 ## - CATALOGING SOURCE
Transcribing agency RUA
082 ## - DEWEY DECIMAL CLASSIFICATION NUMBER
Classification number AVM CHO 2025 B705 Or.1
100 ## - MAIN ENTRY--AUTHOR NAME
Personal name CHORY SARUN, ចយ សារុន
245 ## - TITLE STATEMENT
Title Effece of namvars banana in the diet for growthing quail meat by giving and not giving basmix, ឥទ្ធិពលម្សៅចេកណាំវ៉ាចាស់លើការលូតលាស់ក្រួចសាច់ ដោយផ្ដល់និងមិនផ្ដល់បាស្មិច
260 ## - PUBLICATION, DISTRIBUTION, ETC. (IMPRINT)
Place of publication PHNOM PENH
Name of publisher RUA
Year of publication 2025
300 ## - PHYSICAL DESCRIPTION
Number of Pages xii,38p.
Other physical details ill.
Dimensions 29cm.
942 ## - ADDED ENTRY ELEMENTS (KOHA)
Koha item type AVM
952 ## - LOCATION AND ITEM INFORMATION (KOHA)
Withdrawn status [LOCAL, KOHA] 0
952 ## - LOCATION AND ITEM INFORMATION (KOHA)
Withdrawn status [LOCAL, KOHA] 0
Holdings
Permanent Location Date acquired Koha item type Lost status Shelving location Barcode Current Location Full call number
Library Block B2026-05-26AVM B705B712271Library Block BAVM CHO 2025 B705 Or.1
Library Block B2026-05-26AVM B705B712272Library Block BAVM CHO 2025 B705 Or.2
មជ្ឈមណ្ឌលឯការនៃសាកលវិទ្យាល័យភូមិន្ទកសិកម្មចំការដូង

Powered by Koha